000 00209nam a22001217a 4500
040 _cSK
082 _a597
100 _aNA
245 _aFish pathology
260 _aNA
_bNA
_cNA
300 _a86p.
942 _cEK
999 _c8873
_d8873